Bình tung hiệp ảnh

שמור ב:
מידע ביבליוגרפי
מחבר ראשי: Lương, Vũ Sinh
פורמט: ספר
שפה:Undetermined
יצא לאור: Hà Nội Văn học 2006
נושאים:
תגים: הוספת תג
אין תגיות, היה/י הראשונ/ה לתייג את הרשומה!
Thư viện lưu trữ: Trung tâm Học liệu Trường Đại học Cần Thơ
LEADER 00503nam a2200193Ia 4500
001 CTU_113801
008 210402s9999 xx 000 0 und d
020 |c 35000 
082 |a 895.13 
082 |b S312/T.3 
100 |a Lương, Vũ Sinh 
245 0 |a Bình tung hiệp ảnh 
245 0 |c Lương Vũ Sinh 
260 |a Hà Nội 
260 |b Văn học 
260 |c 2006 
650 |a Chinese fiction 
904 |i Năm 
980 |a Trung tâm Học liệu Trường Đại học Cần Thơ